ETHICS CODE FOR SOCIAL MEDIA OTT AND DIGITAL MEDIA (Record no. 22385)
[ view plain ]
| 000 -LEADER | |
|---|---|
| fixed length control field | 00394nam a22001457a 4500 |
| 003 - CONTROL NUMBER IDENTIFIER | |
| control field | SGT |
| 082 ## - DEWEY DECIMAL CLASSIFICATION NUMBER | |
| Classification number | 343.099 |
| Item number | RAO |
| 100 ## - MAIN ENTRY--PERSONAL NAME | |
| Personal name | RAO JAGANNADHA GVS |
| 245 ## - TITLE STATEMENT | |
| Title | ETHICS CODE FOR SOCIAL MEDIA OTT AND DIGITAL MEDIA |
| 250 ## - EDITION STATEMENT | |
| Edition statement | 1 |
| 260 ## - PUBLICATION, DISTRIBUTION, ETC. (IMPRINT) | |
| Place of publication, distribution, etc | HYDERABAD |
| Name of publisher, distributor, etc | ASIA LAW HOUSE |
| Year of Publication | 2021 |
| 300 ## - PAGE DESCRIPTION | |
| No. of Pages | XVI ,232 |
| 653 ## - KEYWORDS--INDEX TERM | |
| Keyword term | SOCIAL MEDIA ,OTT ,DIGITAL MEDIA ,DIGITAL MEDIA ETHICS CODE |
| 942 ## - ADDED ENTRY ELEMENTS (KOHA) | |
| Source of classification or shelving scheme | Dewey Decimal Classification |
| Koha item type | Books |
| Withdrawn status | Lost status | Source of classification or shelving scheme | Damaged status | Not for loan | Collection code | Home library | Current library | Shelving location | Date acquired | Vendor Name | Cost, normal purchase price | SGTU | Bill Number | Full call number | Accession No. (Barcode) | Date last seen | Bill Date | Koha item type | Total Checkouts |
|---|---|---|---|---|---|---|---|---|---|---|---|---|---|---|---|---|---|---|---|
| Dewey Decimal Classification | Not For Loan | LAW | SGT Science & Social Sciences Library | SGT Science & Social Sciences Library | Reference Book | 03/03/2022 | COMMERCIAL BOOK HOUSE | 300.00 | SGTU | IN/2808 | 343.099 RAO | FL2597 | 03/03/2022 | 18/02/2022 | Books | ||||
| Dewey Decimal Classification | LAW | SGT Science & Social Sciences Library | SGT Science & Social Sciences Library | Text Book | 03/03/2022 | COMMERCIAL BOOK HOUSE | 300.00 | SGTU | IN/2808 | 343.099 RAO | FL2598 | 11/09/2023 | 18/02/2022 | Books |